Constituciones de la Provincia de San Diego de México, de los menores descalzos ...

Detalles Bibliográficos
Formato: Libro
Publicado: México 1698
Materias:
Colección:Banco de datos
Acervo:Biblioteca del Ex Convento de Nuestra Señora de Guadalupe. Zacatecas
Tema general:Religiosos
Notas:Buena. XVII,3,15 (5765)
LEADER 00713nam a22001810004500
035 |a 44106 
036 |a 5290 
245 1 0 |a Constituciones de la Provincia de San Diego de México, de los menores descalzos ... 
260 |a México  |b ed. Diego de Saldívar, imp. Herederos de la Viuda de Fco. Rodríguez  |c 1698 
500 |a Buena. XVII,3,15 (5765) 
650 1 0 |a Religiosos 
949 |a CRZ-CG 
959 |a Ex convento de Nuestra Señora de Guadalupe, Museo Regional de Zacatecas, Zacatecas  |b CCC4 
960 |a Convento de Nuestra Señora de Guadalupe, Zacatecas  |b DD87 
961 |a Franciscana  |b OF 
942 |c CRZ-CG 
943 |g Biblioteca del Ex Convento de Nuestra Señora de Guadalupe. Zacatecas 
999 |c 968233  |d 968233